| 000 | 00418nam a22001217a 4500 | ||
|---|---|---|---|
| 082 |
_a363.7 _bMAR _cD |
||
| 245 | _aMARKET BASED INSTRUMENTS for ENVIRONMENTAL POLICYMAKING in LATIN AMERICA AND THE CARIBBEAN LESSONS FROM ELEVEN COUNTRIES P | ||
| 260 |
_aWashington _bThe world bank _c1996 |
||
| 300 |
_a31 p. : _bill, ; _c24 cm |
||
| 526 |
_a0 _b0 _c0 _d363_700000000000000_MAR |
||
| 650 |
_aMCE (D) _938181 |
||
| 942 |
_2ddc _cBK |
||
| 999 |
_c542821 _d542821 |
||